The economic and social foundations of European civilization
This book is a translation in a somewhat shortened form of the second edition of my german work, die wirstchaftlichen und sozialen grundlagen der Europaischen kulturentwicklung, which was published in Vienna in 1923-4
Gorde:
| Egile nagusia: | |
|---|---|
| Formatua: | Liburua |
| Hizkuntza: | Undetermined |
| Argitaratua: |
London
Routlege & Kegan Paul
1937
|
| Gaiak: | |
| Etiketak: |
Etiketa erantsi
Etiketarik gabe, Izan zaitez lehena erregistro honi etiketa jartzen!
|
| Thư viện lưu trữ: | Trung tâm Học liệu Trường Đại học Cần Thơ |
|---|
| LEADER | 00793nam a2200205Ia 4500 | ||
|---|---|---|---|
| 001 | CTU_108190 | ||
| 008 | 210402s9999 xx 000 0 und d | ||
| 082 | |a 901 | ||
| 082 | |b D692 | ||
| 100 | |a Dopsch, Alfons | ||
| 245 | 4 | |a The economic and social foundations of European civilization | |
| 245 | 0 | |c Alfons Dopsch | |
| 260 | |a London | ||
| 260 | |b Routlege & Kegan Paul | ||
| 260 | |c 1937 | ||
| 520 | |a This book is a translation in a somewhat shortened form of the second edition of my german work, die wirstchaftlichen und sozialen grundlagen der Europaischen kulturentwicklung, which was published in Vienna in 1923-4 | ||
| 650 | |a Civilization, medieval,Germanic peoples,Europe | ||
| 650 | |x Civilization | ||
| 904 | |i Minh | ||
| 980 | |a Trung tâm Học liệu Trường Đại học Cần Thơ | ||